LIBRARY & INFORMATION CENTRE, KCAET, TAVANUR

ONLINE PUBLIC ACCESS CATALOGUE (OPAC)

Principles and practices of agricultural processing (Record no. 15697)

MARC details
000 -LEADER
fixed length control field 00431nam a22001577a 4500
003 - CONTROL NUMBER IDENTIFIER
control field OSt
008 - FIXED-LENGTH DATA ELEMENTS--GENERAL INFORMATION
fixed length control field 190528b ||||| |||| 00| 0 eng d
020 ## - INTERNATIONAL STANDARD BOOK NUMBER
ISBN 978931226940
082 ## - DEWEY DECIMAL CLASSIFICATION NUMBER
Classification number 630.954
Item number ALI/PR
100 ## - MAIN ENTRY--AUTHOR NAME
Personal name Ali, Nawab.
245 ## - TITLE STATEMENT
Title Principles and practices of agricultural processing
260 ## - PUBLICATION, DISTRIBUTION, ETC. (IMPRINT)
Place of publication Delhi
Name of publisher satish Serial Publishing House
Year of publication 2014
300 ## - PHYSICAL DESCRIPTION
Number of Pages 542 p.
700 ## - ADDED ENTRY--PERSONAL NAME
Personal name Mangaraj, shukadev.
942 ## - ADDED ENTRY ELEMENTS (KOHA)
Koha item type Books
Holdings
Withdrawn status Lost status Damaged status Collection code Home library Current library Shelving location Date acquired Cost, normal purchase price Full call number Accession Number Koha item type
      Non-fiction KAUAET KAUAET General Stacks 28/05/2019 3650.00 630.954 ALI/PR 25908 Books
free website counter